书目信息 |
| 题名: |
女子自卫防身术
|
|
| 作者: | 宋君来 , 李菲 , 张谢平 主编 ;王晓磊 编著 | |
| 分册: | ||
| 出版信息: | 北京 农村读物出版社 2005 |
|
| 页数: | 134页 | |
| 开本: | 21cm | |
| 丛书名: | ||
| 单 册: | ||
| 中图分类: | G852.4 | |
| 科图分类: | ||
| 主题词: | 女性--防身术 | |
| 电子资源: | ||
| ISBN: | 7-5048-4556-6 | |
| 000 | 01289nam0 2200349 450 | |
| 000 | 01252nam0 2200337 450 | |
| 000 | 01250nam0 2200349 450 | |
| 000 | 01196nam0 2200325 450 | |
| 000 | 01214nam0 2200313 450 | |
| 000 | 01177nam0 2200301 45 | |
| 001 | TS2006024139 | |
| 005 | 20061209165908.82 | |
| 010 | @a7-5048-4556-6@dCNY20.00 | |
| 100 | @a20060829d2005 em y0chiy0110 ea | |
| 101 | 0 | @achi |
| 102 | @aCN@b110000 | |
| 105 | @aa z 000yy | |
| 200 | 1 | @a女子自卫防身术@ANu^ Zi Zi Wei Fang Shen Shu@f张谢平,宋君来,李菲主编@FZhang Xie Ping, Song Jun Lai, Li Fei Zhu Bian@g宋君来,李菲,王晓磊编著 |
| 210 | @a北京@c农村读物出版社@d2005 | |
| 215 | @a134页@c彩照,彩图@d21cm@e光盘1片 | |
| 307 | @a附光盘:ISBN 7-88715-186-4 | |
| 330 | @a本书主要研究的是在各种非常情况下,特别是在犯罪分子正在实施侵害的紧迫情形下,女性朋友应如何运用防身技术进行身体防卫。 | |
| 606 | 0 | @a女性@x防身术 |
| 690 | @aG852.4@v4 | |
| 701 | 0 | @a宋君来@ASong Jun Lai@4主编 |
| 701 | 0 | @a李菲@ALi Fei@4主编 |
| 701 | 0 | @a张谢平@AZhang Xie Ping@4主编 |
| 702 | 0 | @a王晓磊@AWang Xiao Lei@4编著 |
| 801 | 0 | @aCN@b中图数据@c20061209 |
| 905 | @a10447@dG852.4@e147 | |
| 女子自卫防身术/张谢平,宋君来,李菲主编/宋君来,李菲,王晓磊编著.-北京:农村读物出版社,2005 |
| 134页:彩照,彩图;21cm+光盘1片 |
| ISBN 7-5048-4556-6:CNY20.00 |
| 本书主要研究的是在各种非常情况下,特别是在犯罪分子正在实施侵害的紧迫情形下,女性朋友应如何运用防身技术进行身体防卫。 |
| ● |
| 相关链接 |
|
|
|
|
正题名:女子自卫防身术
索取号:G852.4/147
 
预约/预借
| 序号 | 登录号 | 条形码 | 馆藏地/架位号 | 状态 | 备注 |
| 1 | 0601367 | 206013678 | 第一样本阅览室/ [索取号:G852.4/147] | 在馆 | |
| 2 | 0601368 | 206013687 | 第四借阅区/ [索取号:G852.4/147] | 在馆 | |
| 3 | 0601369 | 206013696 | 第四借阅区/ [索取号:G852.4/147] | 在馆 | |
| 4 | 0601370 | 206013703 | 第四借阅区/ [索取号:G852.4/147] | 在馆 | |
| 5 | 0601371 | 206013712 | 第四借阅区/ [索取号:G852.4/147] | 在馆 |